| 000 | 00372cam a2200145ua 4500 | ||
|---|---|---|---|
| 041 |
_aeng _h |
||
| 082 |
_a823.308 _bDOS/CR |
||
| 100 | _aDostoyevsky, Fyodor . | ||
| 245 |
_aCrime and punishment / _cFyodor Dostoyevsky. _hTextual Documents |
||
| 260 |
_aLondon : _bJ M Dent and Sons Ltd , _c1963. |
||
| 300 | _a501 ; . | ||
| 504 | _a | ||
| 942 | _cBK | ||
| 999 |
_c6948 _d6948 |
||